PEDIATRIC CLINICS OF NORTH AMERICA VOL 54 (Record no. 14042)

MARC details
000 -LEADER
fixed length control field 00281nam a22001217a 4500
003 - CONTROL NUMBER IDENTIFIER
control field SGT
082 ## - DEWEY DECIMAL CLASSIFICATION NUMBER
Classification number 618.92
Item number P07R
100 ## - MAIN ENTRY--PERSONAL NAME
Personal name ROSEN,LAWRENCE D
245 ## - TITLE STATEMENT
Title PEDIATRIC CLINICS OF NORTH AMERICA VOL 54
260 ## - PUBLICATION, DISTRIBUTION, ETC. (IMPRINT)
Place of publication, distribution, etc PHILADELPHIA
Name of publisher, distributor, etc SAUNDERS
Year of Publication 2007
300 ## - PAGE DESCRIPTION
No. of Pages 1070
942 ## - ADDED ENTRY ELEMENTS (KOHA)
Source of classification or shelving scheme Dewey Decimal Classification
Koha item type Books
Holdings
Withdrawn status Lost status Source of classification or shelving scheme Damaged status Not for loan Collection code Home library Current library Shelving location Date acquired Vendor Name Volume Information (Serial or Books or Non-Book Material) SGTU Total Checkouts Full call number Accession No. (Barcode) Date last seen Bill Date Koha item type
    Dewey Decimal Classification     MEDICAL SGT Medical Library SGT Medical Library Text Book 20/12/2017 ABC DELHI 54/6 SGTU   618.92 P07R FM8959 20/12/2017 20/12/2017 Books